书目信息 |
| 题名: |
成本会计学
|
|
| 作者: | 于富生 , 来芳 , 敏 主编 | |
| 分册: | ||
| 出版信息: | 北京 中国人民大学出版社 2015.06 |
|
| 页数: | 334页 | |
| 开本: | 20cm | |
| 丛书名: | ||
| 单 册: | ||
| 中图分类: | F234.2 | |
| 科图分类: | ||
| 主题词: | 会计 | |
| 电子资源: | ||
| ISBN: | 978-7-300-21412-2 | |
| 000 | 00666nam0 2200229 45 | |
| 001 | 2030223632 | |
| 005 | 20220526145803.26 | |
| 010 | @a978-7-300-21412-2@dCNY 38.00 | |
| 100 | @a20201029d2015 km y0chiy0120 ea | |
| 101 | 0 | @achi |
| 102 | @aCN@b110000 | |
| 200 | 1 | @a成本会计学@Acheng ben kuai ji xue@f于富生, 来芳, 敏主编@FYu Fu Sheng,Lai Fang,Min Zhu Bian |
| 205 | @a7版 | |
| 210 | @a北京@c中国人民大学出版社@d2015.06 | |
| 215 | @a334页@d20cm | |
| 606 | 0 | @a会计 |
| 690 | @aF234.2@v4 | |
| 701 | 0 | @a于富生@Ayu fu sheng@4主编 |
| 701 | 0 | @a来芳@ALai Fang@4主编 |
| 701 | 0 | @a敏@AMin@4主编 |
| 801 | 0 | @aCN@b河南城建学院图书馆@c20201029 |
| 905 | @dF234.2@eY7082=7 | |
| 成本会计学/于富生, 来芳, 敏主编.-7版.-北京:中国人民大学出版社,2015.06 |
| 334页;20cm |
| ISBN 978-7-300-21412-2:CNY 38.00 |
| ● |
| 相关链接 |
|
|
|
正题名:成本会计学
索取号:F234.2/Y7082=7
 
预约/预借
| 序号 | 登录号 | 条形码 | 馆藏地/架位号 | 状态 | 备注 |
| 1 | 1499507 | 214995077 | 社科库409/400A自科库 14排2列5层/ [索取号:F234.2/Y7082=7] | 在馆 | |
| 2 | 1507477 | 215074773 | 社科库409/409社科库 77排2列4层/ [索取号:F234.2/Y7082=7] | 在馆 |